Statistics for Taylor Swift's Debut Album

Click here to take the quiz!

General Stats

  • This quiz has been taken 459 times
  • The average score is 11 of 14

Answer Stats

Tracks% Correct
1Tim McGraw
96%
2Picture to Burn
95%
11Our Song
94%
3Teardrops on my Guitar
94%
10Mary's Song (Oh My My My)
87%
9Should've Said No
84%
5Cold As You
83%
13Invisible
78%
4A Place in this World
75%
6The Outside
72%
7Tied Together With a Smile
72%
8Stay Beautiful
69%
14A Perfectly Good Heart
68%
12I'm Only Me When I'm With You
67%

Score Distribution

Percentile by Number Answered

Percent of People with Each Score

Your Score History

You have not taken this quiz